Identifying common problems with FRAEW reports (Record no. 121687)

MARC details
000 -LEADER
fixed length control field 00940nas a22002537a 4500
007 - PHYSICAL DESCRIPTION FIXED FIELD--GENERAL INFORMATION
fixed length control field ta
008 - FIXED-LENGTH DATA ELEMENTS--GENERAL INFORMATION
fixed length control field 230815e20231508xxk|||||o|||| 00| 0 eng d
041 ## - LANGUAGE CODE
Language code of text/sound track or separate title eng
245 ## - TITLE STATEMENT
Title Identifying common problems with FRAEW reports
490 ## - SERIES TITLE
Series statement RICS Built Environment Journal
Volume 24 October 2023
520 ## - ABSTRACT
Abstract Having seen a range of issues arise in fire risk appraisals of external walls, the authors of PAS 9980 discuss common problems – and how these can be addressed
650 ## - KEYWORDS
Keywords Building Control
650 ## - KEYWORDS
Keywords PAS 9980
650 ## - KEYWORDS
Keywords Fire safety
651 ## - SUBJECT ADDED ENTRY--GEOGRAPHIC NAME
Geographic name United Kingdom
690 ## - LOCAL SUBJECT ADDED ENTRY--TOPICAL TERM (OCLC, RLIN)
9 (RLIN) 6244
Topical term or geographic name as entry element Health and safety
700 ## - ADDED PERSONAL NAME
Added personal author Bullock, Mostyn
700 ## - ADDED PERSONAL NAME
Added personal author Butterworth, Neal
700 ## - ADDED PERSONAL NAME
Added personal author Crowder, David
700 ## - ADDED PERSONAL NAME
Added personal author Todd, Colin
700 ## - ADDED PERSONAL NAME
Added personal author Kavanagh, Bart
700 ## - ADDED PERSONAL NAME
Added personal author Daws, Steven
856 ## - ONLINE RESOURCE
Uniform Resource Identifier https://ww3.rics.org/uk/en/journals/built-environment-journal/fire-risk-appraisals-of-external-walls-reports.html
Public note Available online
Holdings
Withdrawn status Lost status Damaged status Not for loan Home library Current library Shelving location Date acquired Total Checkouts Date last seen Price effective from Koha item type
        Virtual Virtual Journal article 26/10/2023   26/10/2023 26/10/2023 Journal article